00309nam a22001337a 4500003000700000005001700007008004100024082001300065100001400078245003300092260003700125300000800162650000500170MPLRDC20220104123914.0210129b ||||| |||| 00| 0 eng d a191 ZM*  a章明著 a人生观. 职业与前途c ab万里文化企业公司c1971 b平 a